<?xml version="1.0" encoding="UTF-8"?>
<collection xmlns="http://www.loc.gov/MARC21/slim">
  <record>
    <leader>00000nam  2200000   4500</leader>
    <controlfield tag="001">INLIS000000000018671</controlfield>
    <controlfield tag="005">20241204125644</controlfield>
    <datafield tag="035" ind1="#" ind2="#">
      <subfield code="a">0010-1224000042</subfield>
    </datafield>
    <controlfield tag="007">ta</controlfield>
    <controlfield tag="008">241204###########################0######</controlfield>
    <datafield tag="245" ind1="#" ind2="#">
      <subfield code="a">PERSIMPANGAN JALAN MJN LAN :</subfield>
      <subfield code="b">Penyediaan Materi Jenis Dan Nama Latin Tanaman Berbasis QR Core /</subfield>
      <subfield code="c">Dwi Wahyuni Haswin, S.P., M.Si</subfield>
    </datafield>
    <datafield tag="260" ind1="#" ind2="#">
      <subfield code="a">Makassar :</subfield>
      <subfield code="b">Puslatbang KMP RI LAN Makassar,</subfield>
      <subfield code="c">2024</subfield>
    </datafield>
    <datafield tag="300" ind1="#" ind2="#">
      <subfield code="a">49 ;</subfield>
      <subfield code="c">30</subfield>
    </datafield>
    <datafield tag="650" ind1="#" ind2="4">
      <subfield code="a">Penyediaan materi berbasis Qr Code dilingkup  Prodi Agroekoteknologi Fakultas Pertanian dan  Kehutanan, Universitas Sulawesi Barat</subfield>
    </datafield>
    <datafield tag="700" ind1=" " ind2="#">
      <subfield code="a">Nurlaela, SP., M.Si (Mentor)</subfield>
    </datafield>
    <datafield tag="700" ind1=" " ind2="#">
      <subfield code="a">Fajar Lingga Prasetya, S.AB (Coach)</subfield>
    </datafield>
    <datafield tag="520" ind1="#" ind2="#">
      <subfield code="a">Persipangan Jalan MJN LAN merupakan gagasan ide yang ditetapkan sebagai judul kegiatan aktualisasi. Persimpangan Jalan MJN LAN ini bertujuan membuat wadah pembelajaran yang menarik dan memanfaatkan teknologi digital dengan menyediakan materi meteri pengelanan Jenis Tanamam beserta nama latinnya dan memudahkan mahasiswa untuk mengetahui dan memahami bidang keilmuannya.&#13;
Terdapat empat kegiatan akutualisasi yang dijalankan diunit kerja yaitu, Membuat resensi materi, membuat akun g-drive, membuat QRcode berisi materi, dan membuat buku saku serta e-book. Penyediaan materi berbasis Qr Code dilingkup Prodi Agroekoteknologi Fakultas Pertanian dan Kehutanan, Universitas Sulawesi Barat merupakan sosuli untuk menambah minat mahasiswa untuk mengetahui dan memahami jenis tanaman berserta nama latinnya.&#13;
Dengan menerapkan nilai-nilai ASN BerAKHLAK (Berorientasi pelayanan Akuntable. Kompeten, Harmonis, Loyal, Adaptif &amp; Kolaboratif) dan menerapkan SMART ASN dan manajemen ASN dalam setiap kegiatan selama 1 bulan aktualisasi kerja di unit kerja.</subfield>
    </datafield>
    <datafield tag="856" ind1="#" ind2="#">
      <subfield code="a">PUSLATBANG KMP LAN RI Makassar</subfield>
    </datafield>
  </record>
</collection>
